000 nam a22 7a 4500
999 _c10294
_d10294
008 180213b ||||| |||| 00| 0 eng d
100 _aGulati, H C
_96259
245 _aEnglish Grammer - VIII
260 _aNew Delhi
_bAPC Publication
_c2013